| 000 | 004540000a22001810004500 | ||
|---|---|---|---|
| 003 | LK-CoMWRAF | ||
| 005 | 20231107113624.0 | ||
| 008 | 230817t ||||| |||| 00| 0 eng d | ||
| 040 |
_aLK-CoMWRAF _dLK-CoMWRAF _eLK-CoMWRAF |
||
| 041 | _aeng | ||
| 082 |
_a297 _bETI |
||
| 245 | _aEtiquettes of Life in Islam | ||
| 260 |
_aDelhi : _bMarkazi Maktaba Islamic, _c1982 |
||
| 300 | _a521p | ||
| 650 | _aIslam | ||
| 700 |
_aHusain, Riaz _etrans. |
||
| 942 | _cBK | ||
| 999 |
_c1258 _d1258 |
||